| 000 | 00779nam a2200265Ia 4500 | ||
|---|---|---|---|
| 003 | OSt | ||
| 005 | 20220918163431.0 | ||
| 006 | a|||||r|||| 00| 0 | ||
| 007 | ta | ||
| 008 | 220917b |||||||| |||| 00| 0 eng d | ||
| 020 | _a0 7546 2580 X (hb) | ||
| 024 | _a232,168 | ||
| 037 | _cTextual | ||
| 040 |
_aARTS _cARTS _beng |
||
| 041 |
_2eng _aeng |
||
| 082 | _aZ:(W6)z7, P2 | ||
| 100 |
_aScheingold Stuart A. Ed. _913137 |
||
| 245 | 0 |
_aLegality and democracy _b contested affinites |
|
| 260 |
_aEngland _bAshgate Publishing Ltd. _c2006 |
||
| 300 |
_axxiv, 691p. _ccm. |
||
| 490 | _aThe international library of essays in law and society | ||
| 650 |
_aLAW _97240 |
||
| 942 |
_hZ:(W6)z7, P2 _cTEXL _2CC |
||
| 999 |
_c119582 _d119582 |
||